000 00452nam a2200169Ia 4500
008 230718s9999 xx 000 0 und d
020 _a9789351950615
041 _aeng
082 _a823.4
_bBHA
100 _aBhanver J.S.
_9199101
245 _aPichai : The Future Of Google
260 _c2016
_bHachette
300 _a164
365 _cRs.
_b199.00
700 _aBhanver J.S.
_9199101
906 _dO:0515627-Jun-2016B:174421-Jun-2016
_cGENRL
_b43.78
999 _c342260
_d342260